[Event "Valladolid Piolin CC op 5th"]
[Site "Valladolid"]
[Date "2012.08.20"]
[Round "5"]
[White "Sanchez Moreno, Mario"]
[Black "Gago Gonzalves, Jose Fernando"]
[Result "1-0"]
[WhiteElo "1568"]
[BlackElo "1650"]
[PlyCount "79"]
[EventDate "2012.08.06"]
[EventType "swiss"]
[EventRounds "8"]
[EventCountry "ESP"]
[SourceTitle "EXT 2014"]
[Source "ChessBase"]
[SourceDate "2013.11.20"]
[SourceVersion "1"]
[SourceVersionDate "2013.11.20"]
[SourceQuality "1"]

1. e4 c6 2. Nf3 e6 3. d4 d5 4. e5 b5 5. Bd3 h6 6. 0-0 a5 7. a4 Ba6 8. b3 b4 9. c3 c5 10. cxb4 cxb4 11. Bf4 Qb6 12. h3 Nc6 13. Bxa6 Qxa6 14. Ra2 Nge7 15. Rc2 Kd7 16. Qd2 g5 17. Be3 Bg7 18. Rfc1 Ra7 19. Ne1 Rc7 20. Nd3 Qa8 21. Nc5+ Kd8 22. f4 gxf4 23. Bxf4 Qa7 24. Qf2 Ke8 25. Nd2 h5 26. Nf3 Bf8 27. Bg5 Nf5 28. Nxe6 fxe6 29. Rxc6 Rxc6 30. Rxc6 Kd7 31. Rc1 Rg8 32. Be3 Be7 33. Qc2 Qb7 34. Bf2 Bg5 35. Nxg5 Rxg5 36. Qc5 Ng3 37. Bxg3 Rxg3 38. Qf8 Rc3 39. Rf1 Kc6 40. Qd6# 1-0

[Event "Valladolid Social Federado Piolin"]
[Site "Valladolid"]
[Date "2012.06.14"]
[Round "10.3"]
[White "Garcia Corada, Pedro"]
[Black "Gago Gonzalves, Jose Fernando"]
[Result "1-0"]
[WhiteElo "2027"]
[BlackElo "1664"]
[PlyCount "53"]
[EventDate "2012.05.14"]
[EventType "tourn"]
[EventRounds "17"]
[EventCountry "ESP"]
[SourceTitle "EXT 2024"]
[Source "ChessBase"]
[SourceDate "2023.10.10"]
[SourceVersion "1"]
[SourceVersionDate "2023.10.10"]
[SourceQuality "1"]

1. e4 c6 2. d4 d5 3. e5 Bf5 4. Nf3 e6 5. Be2 Ne7 6. 0-0 Ng6 7. c3 Be7 8. b4 0-0 9. Nbd2 Nf4 10. Nb3 Nxe2+ 11. Qxe2 Nd7 12. a4 Kh8 13. h3 g5 14. Nh2 Rg8 15. g4 Bg6 16. a5 Qf8 17. b5 Qh6 18. Kg2 Qh4 19. a6 bxa6 20. bxc6 Nf8 21. Rxa6 f5 22. exf6 Bd6 23. Nf3 Be4 24. Qxe4 Qxh3+ 25. Kxh3 dxe4 26. Nxg5 Rxg5 27. Bxg5 1-0

[Event "Valladolid Social Federado Piolin"]
[Site "Valladolid"]
[Date "2012.05.21"]
[Round "3.8"]
[White "Santos Martinez, Guillermo"]
[Black "Gago Gonzalves, Jose Fernando"]
[Result "0-1"]
[WhiteElo "1678"]
[BlackElo "1664"]
[PlyCount "134"]
[EventDate "2012.05.14"]
[EventType "tourn"]
[EventRounds "17"]
[EventCountry "ESP"]
[SourceTitle "EXT 2024"]
[Source "ChessBase"]
[SourceDate "2023.10.10"]
[SourceVersion "1"]
[SourceVersionDate "2023.10.10"]
[SourceQuality "1"]

1. d4 Nf6 2. c4 d6 3. Nc3 g6 4. e4 Bg7 5. Be3 0-0 6. Bd3 e5 7. d5 c6 8. Nge2 cxd5 9. cxd5 Ng4 10. Qd2 Nxe3 11. Qxe3 Nd7 12. 0-0 Nc5 13. b4 Nxd3 14. Qxd3 Qg5 15. Qg3 Qxg3 16. hxg3 Bh6 17. f4 f5 18. Nb5 fxe4 19. Nxd6 Bg4 20. Nc3 exf4 21. Ndxe4 fxg3 22. Nf6+ Rxf6 23. Rxf6 Bg7 24. Raf1 Bxf6 25. Rxf6 Rc8 26. Ne4 Rc1+ 27. Rf1 Rxf1+ 28. Kxf1 Kf7 29. Ke1 Ke7 30. Nxg3 Kd6 31. Ne4+ Ke5 32. Nc3 h5 33. Kd2 Kf4 34. Ke1 Bf5 35. Nb5 Kg3 36. Nd4 Kf4 37. d6 Bd7 38. Nf3 g5 39. Nd4 Ke5 40. Nf3+ Kf4 41. Nd4 Ke4 42. Nb3 b6 43. Nd2+ Kd5 44. Kf2 Kxd6 45. Ne4+ Ke5 46. Nxg5 Kd4 47. Nf3+ Kc3 48. Ne5 Be8 49. g4 hxg4 50. Nxg4 Kxb4 51. Nf6 Bc6 52. Ke3 Ka3 53. Kd4 Kxa2 54. Ng4 Kb2 55. Ne3 Kb3 56. Nc4 Kb4 57. Ne3 a5 58. Kd3 Kb3 59. Kd2 b5 60. Kc1 Be4 61. Nf1 Bd3 62. Ne3 a4 63. Kd2 Be4 64. Nd1 a3 65. Nc3 Bc6 66. Kd3 b4 67. Ne2 Bb5+ 0-1

[Event "Valladolid op"]
[Site "Valladolid"]
[Date "2012.03.08"]
[Round "4"]
[White "Gago Gonzalves, Jose Fernando"]
[Black "Vizcaino Hernandez, Fernando"]
[Result "0-1"]
[WhiteElo "1663"]
[BlackElo "1596"]
[PlyCount "56"]
[EventDate "2012.02.16"]
[EventType "swiss"]
[EventRounds "7"]
[EventCountry "ESP"]
[SourceTitle "EXT 2014"]
[Source "ChessBase"]
[SourceDate "2013.11.20"]
[SourceVersion "1"]
[SourceVersionDate "2013.11.20"]
[SourceQuality "1"]

1. e4 g6 2. d4 Bg7 3. c4 d6 4. Nc3 a6 5. Be3 Nf6 6. Bd3 Ng4 7. Qf3 Nxe3 8. Qxe3 Nc6 9. Nge2 Nb4 10. 0-0 Nxd3 11. Qxd3 0-0 12. f4 e6 13. Rf2 f5 14. Raf1 Bd7 15. b4 e5 16. fxe5 dxe5 17. d5 f4 18. a4 Qe7 19. c5 Qe8 20. Ra1 Rd8 21. Ra2 Qe7 22. Nc1 Qh4 23. Nb3 g5 24. Qc4 Kh8 25. b5 g4 26. bxa6 g3 27. hxg3 fxg3 28. Rxf8+ Rxf8 0-1